000 00703nam a2200241Ia 4500
003 OSt
005 20220923211144.0
006 a|||||r|||| 00| 0
007 ta
008 220922b |||||||| |||| 00| 0 pan d
020 _a8186583629 (hb)
024 _a231,287
037 _cTextual
040 _aARTS
_cARTS
_bpan
041 _2pan
_apan
082 _aY:351.236, 153P4
100 _aਸਵਰਨ ਸਿੰਘ
_9158822
245 0 _aਭੂਮਿ ਰੰਗਾਵਲੀ
260 _aਦਿਲੀ
_b ਵੈੱਲਵਿF ਪਬਲਿFਰਗ਼
_c2004
300 _a131ਪੰ
_ccm.
942 _hY:351.236, 153P4
_cTEXL
_2CC
999 _c296029
_d296029